000 00617nam a2200229Ia 4500
003 OSt
005 20221005083519.0
006 a|||||r|||| 00| 0
007 ta
008 221004b |||||||| |||| 00| 0 eng d
024 _a97881
037 _cTextual
040 _aCRL
_cCRL
_beng
041 _2eng
_aeng
082 _aW0gY15-48, L9
100 _aAgnew Vijay
_9135824
245 0 _aElite women in Indian politics
260 _aNew Delhi
_bVikas Publishing House Pvt Ltd
_c1979
650 _aPOLITICAL SCIENCE
942 _hW0gY15-48, L9
_cTEXL
_2cc
999 _c991149
_d991149